| 000 | 00691nam a2200229Ia 4500 | ||
|---|---|---|---|
| 003 | GCL | ||
| 008 | 140319s9999 xx 000 0 ara d | ||
| 040 |
_aGCL / _cGCL |
||
| 082 | 0 | 4 |
_a250.901 _bش ت |
| 100 | 1 | _aشعبان محمد اسماعيل | |
| 245 | 1 | 0 |
_aالتشريع الاسلامى مصادرة واطوارة / _cشعبان محمد اسماعيل |
| 260 |
_a[S.N] : _bمكتبة النهضة المصرية ، _c1985 |
||
| 300 | _a400 ص | ||
| 490 | _a | ||
| 650 | 0 | 4 | _aالاسلام |
| 650 | 0 | 4 | _aالشريعة الاسلامية |
| 650 | 0 | 4 | _aالديانات |
| 650 | 0 | 4 | _aمميزات |
| 650 | 0 | 4 | _aالاجماع |
| 650 | 0 | 4 | _aالقران |
| 942 |
_2ddc _cBK |
||
| 999 |
_c29195 _d29195 |
||